000 00484nam a22001817a 4500
999 _c526523
_d526523
003 NUST
005 20190712111637.0
038 _awaseem
082 _a891.421
_bQAS
100 _aQasim, Abdul Waheed
_917540
245 _aBhulian Yadain /
_cAbdul Waheed Qasim
260 _aLahore :
_bMaqsood Publisher,
_c2003.
300 _a95 p. ;
500 _aHardcover.
880 _6100-01\r
_aغبدالوحید قاسم
880 _6245-02\r
_aبھلیاں یاداں /
942 _2ddc
_cBK